Psychological Foundations Of Education (Record no. 6614)

MARC details
000 -LEADER
fixed length control field 01391nam a2200193 4500
020 ## - INTERNATIONAL STANDARD BOOK NUMBER
ISBN 9780333934739
022 ## - INTERNATIONAL STANDARD SERIAL NUMBER
ISSN 0333934733
050 ## - CALL NUMBER
Classification number LB1051
Item number .D19
100 ## - AUTHOR
Personal name Dandekar W.N.(ed.)
245 ## - TITLE
Title Psychological Foundations Of Education
Statement of responsibility, etc W.N. Dandekar and Sanyoglata M. Makhija
250 ## - EDITION
Edition statement 3rd Edition
260 ## - PUBLICATION INFORMATION
Place of publication New Delhi
Name of publisher Macmillan
Year of publication 2002
300 ## - DESCRIPTION
Number of Pages xii. 493 pages :
Other physical details Illustration :
Dimensions 21 cm
500 ## - NOTES
General note Includes Index
505 ## - FORMATTED CONTENTS NOTE
Table of Content 1. Psychology as a science<br/>2. Educational Psychology and Teaching<br/>3. heredity and Environment<br/>4. Growth and Development<br/>5. Growth and Development: Later Childhood<br/>6. Growth and Development: Adolescence<br/>7. Process of learning <br/>8. Theories of learning: Modern Viewpoint<br/>9. Learning Disabilities<br/>10. Factors affecting learning<br/>11. Motivation<br/>12. Transfer of training<br/>13. Remembering and Forgetting<br/>14. Sensation and Perception<br/>15. Imagination <br/>16. The process of thinking<br/>17. Cognitive Development<br/>18. Individual differences<br/>19. Measurement of intelligence<br/>20. Intelligence: Modern viewpoint<br/>21. Creativity<br/>22. Aptitude tests and Guidance<br/>23. Personality<br/>24. Mental health and adjustment<br/>25. Group Behaviour<br/>26. Sympathy, Suggestion and Imitation<br/>27. Teaching and Classroom Dynamics<br/>28. Psychology of Teaching<br/> Index<br/>
650 ## - SUBJECTS
Topical Term Educational psychology.
700 ## - OTHER AUTHORS
Personal name Makhija Sanyoglata M. (ed.)
942 ## - ADDED ENTRY ELEMENTS (KOHA)
Koha item type Books
Holdings
Withdrawn status Lost status Collection code Home library Current library Shelving location Date acquired Full call number Accession Number Koha item type
    Reference Methodist University Library Main Methodist University Library Main General Stacks 04/01/2009 LB1051 .D19 29434 Books
Copyright © 2026  MUG Library